|
|
|
|
| LEADER |
00652nam a22001934a 4500 |
| 008 |
150311n ii |||gr||||Z||||||eng |
| 020 |
|
|
|a 81-7029-438-X
|
| 041 |
|
|
|a eng
|
| 082 |
|
|
|a 004.16 MEN
|
| 100 |
|
|
|a Menon K S V.
|
| 245 |
|
|
|a WordStar for Everyone
|h Textual Documents
|
| 250 |
|
|
|a 1995.
|
| 260 |
|
|
|a India:
|b BPB Publications,
|c 1995.
|
| 300 |
|
|
|a viii;358p.:
|e 08748.
|
| 630 |
|
|
|a Statistics, Advanced Program,Merge Printing.
|
| 852 |
|
|
|t 1
|p STA08748
|a Shelf 1
|k 004.16 MEN
|f 00000
|
| 942 |
|
|
|c BK
|
| 999 |
|
|
|c 218494
|d 218494
|
| 952 |
|
|
|0 0
|1 0
|4 0
|6 004_160000000000000_MEN
|7 0
|9 232636
|a STA
|b STA
|d 2019-12-11
|l 0
|o 004.16 MEN
|p STA08748
|r 2019-12-11
|t 1
|w 2019-12-11
|y BK
|